| 000 | 01391nam0a2200325 4500 | ||
|---|---|---|---|
| 001 | RU\NLR\bibl\387394 | ||
| 005 | 20260408193211.0 | ||
| 010 |
_a5-201-14508-6 _9200 |
||
| 021 |
_aRU _b2003-15123 _9707 |
||
| 035 | _a(NLR Aleph) 000381744 | ||
| 090 |
_a460037 _c460037 |
||
| 100 | _a20030409d2003 k y0rusy50 ca | ||
| 101 | 0 |
_arus _deng _erus _eeng |
|
| 102 | _aRU | ||
| 105 | _ay ||||||||| | ||
| 200 | 1 |
_aОсновы рациональности. Антропологический вектор философии _fВ.В. Семенов _gРос. акад. наук, Пущин. науч. центр, Ин-т биофизики клетки, Акад. пробл. сохранения жизни |
|
| 210 |
_aПущино _cОНТИ ПНЦ РАН _d2003 |
||
| 215 |
_a118, [2] с. _d22 |
||
| 300 | _aРез. на англ. яз. | ||
| 320 | _aБиблиогр.: с. 112-118 (260 назв.) | ||
| 606 | 0 |
_aАнтропология философская _9994238 _3RU\NLR\auth\6658201 |
|
| 606 |
_aРационализм (филос.) _92203324 _3RU\NLR\auth\661323907 |
||
| 686 | _aЮ220.02 | ||
| 686 | _aЮ216 | ||
| 700 | 1 |
_4070 _7ca _8rus _aСеменов _bВ. В. _cканд. филос. наук _gВладимир Васильевич _925341 _3RU\NLR\auth\7742396 |
|
| 801 | 0 |
_aRU _bNLR _c20030409 _gPSBO |
|
| 801 | 1 |
_aRU _bNLR _c20030409 |
|
| 942 | _cBOOK | ||
| 980 | _aNB | ||